| 000 | 00456nam a2200169Ia 4500 | ||
|---|---|---|---|
| 003 | SGT | ||
| 020 | _a9788131504000 | ||
| 082 |
_a518 _bSCH |
||
| 100 | _aSchilling,Robert J | ||
| 245 | _aApplied numerical methods for engineering | ||
| 260 |
_bCengage Learning _aAutralia _c2007 |
||
| 300 | _a715p. | ||
| 650 | _aMETHEMATICS | ||
| 653 | _aMOTIVATION AND OBJECTIVES, NUMBER REPRESENTATION ,MACHINE PRECISION | ||
| 700 | _aHarris,Sandra L | ||
| 942 |
_2ddc _cBK |
||
| 999 |
_c5277 _d5277 |
||